Famous Baby Names Quiz Stats

 Plays Quiz Updated Oct 23, 2020

Support Sporcle.
Go Orange.
Score 0/80 Timer 08:00
5 Plays Today
Hint Name % Correct
Playwright ___ ShakespeareWILLIAM
96.2%
___ and GoliathDAVID
94.4%
Mickey's pal ___ DuckDONALD
94.4%
Like father, like son: ___ BushGEORGE
94.3%
Basketball's ___ 'Air' JordanMICHAEL
93.7%
Tom Sawyer's ___ TwainMARK
93.5%
Inventor ___ EdisonTHOMAS
93.2%
At least one '___' had a little lambMARY
92.9%
Robin Hood's merry man, Little ___JOHN
92.8%
He knows sharks and aliens: ___ SpielbergSTEVEN
91.7%
Naturalist ___ DarwinCHARLES
91.1%
President or Clown: ___ Reagan or McDonaldRONALD
90.7%
Actor ___ Bacon or SpaceyKEVIN
90.7%
The Bible: King ___ VersionJAMES
90.5%
'Strangers in the Night' singer ___ SinatraFRANK
89.7%
Actor ___ Perry, Broderick, or McConaugheyMATTHEW
89.6%
He played Harry Potter: ___ RadcliffeDANIEL
88.3%
Horror writer ___ KingSTEPHEN
88.3%
Republican VP nominee ___ PalinSARAH
87.5%
Actress/singer ___ LopezJENNIFER
87.2%
Singer or actress: ___ Dee or BullockSANDRA
87.1%
U.S. First Lady ___ ObamaMICHELLE
86.8%
Guitarist ___ ClaptonERIC
86.8%
U.K Prime Minister ___ ThatcherMARGARET
86.6%
Winnie the Pooh and ___ RobinCHRISTOPHER
86.4%
Confederate Army commander ___ E. LeeROBERT
86.3%
'The cute Beatle', ___PAUL
84.9%
Soviet Premier ___ StalinJOSEPH
84.2%
He played Hannibal: ___ HopkinsANTHONY
83.5%
___ Drew, girl detectiveNANCY
83.5%
___ of TroyHELEN
82.7%
Idol host or actor: ___ Seacrest or ReynoldsRYAN
82.2%
Poet or Writer: ___ Dickinson or BrontëEMILY
81.1%
The 'Virgin' Queen ___ IELIZABETH
80.2%
Actress ___ Lange, Simpson or TandyJESSICA
79.9%
A Christmas '___' could be sung about her?CAROL
79.9%
'Curly Top' child star ___ TempleSHIRLEY
79.5%
Yum! ___ Crocker fudge brownies!BETTY
78.9%
Actor ___ Oldman or CooperGARY
78.4%
Actress ___ Judd or TisdaleASHLEY
77.9%
Hint Name % Correct
___ the LionheartRICHARD
77.3%
TV celeb or actress: ___ Osbourne or StoneSHARON
76.6%
Middle child ___ SimpsonLISA
76.4%
Women's rights leader ___ B. AnthonySUSAN
76.1%
Actress ___ Bynes, Seyfried, or PlummerAMANDA
74.9%
Greek, gift-giving, original 'Santa': Saint ___NICHOLAS
73.9%
TV host or basketballer: ___ King or BirdLARRY
73.5%
Tennis' ogled and googled ___ KournikovaANNA
73.3%
News & TV Personality ___ WaltersBARBARA
73.1%
Actress ___ Adams or PoehlerAMY
72.3%
'Great ___! Is that the actor Baio or Bakula?'SCOTT
71.9%
'Little House…' author ___ Ingalls WilderLAURA
70.7%
Singer or actor: ___ Mraz or AlexanderJASON
70.4%
Actress ___ Bassett or LansburyANGELA
68.8%
Monty Python's 'Life of ___'BRIAN
67.9%
Beloved of Aunt Em and Toto: ___ GaleDOROTHY
67.6%
'Grey's Anatomy' actress ___ HeiglKATHERINE
66.4%
Political younger brother: ___ 'Ted' KennedyEDWARD
64.9%
Singer or actress: ___ Ronstadt or EvansLINDA
64.5%
Singer or actress: ___ Etheridge or GilbertMELISSA
62.6%
Actress: ___ Neal, Clarkson, or ArquettePATRICIA
61.7%
Singer or actress: ___ Summer or ReedDONNA
61.4%
O.T. Bible book with female name: ___RUTH
58.8%
___ the Great, Russian EmpressCATHERINE
58.6%
Singer or actress: ___ Carpenter or BlackKAREN
58.1%
He played Hamlet and Gilderoy: ___ BranaghKENNETH
56.7%
'Gulliver's Travels' author ___ SwiftJONATHAN
51.6%
Singer or actress: ___ Harry or KerrDEBORAH
49.9%
Prince ___, Duke of York and son of PhilipANDREW
49.4%
Son of Isaac and twin of Esau: ___JACOB
45.5%
Psychedelic drug advocate ___ LearyTIMOTHY
39.9%
du Maurier novel or Hitchcock film: ___REBECCA
39.3%
Actress ___ Zimbalist or BeachamSTEPHANIE
36.8%
Anchor or actress: ___ McFadden or NixonCYNTHIA
35.8%
Actor ___ Tambor, Nordling, or CombsJEFFREY
33.4%
Actress ___ Turner or QuinlanKATHLEEN
31.5%
Israelite leader after Moses: ___JOSHUA
26.3%
Charlie Babbit's 'Rain Man' was really ___RAYMOND
24.3%
First English child born in America: ___ DareVIRGINIA
23.1%
Actress ___ J. Brown or Williams-PaisleyKIMBERLY
20.5%

From the Vault

Three at a Time: US Presidents

by Hejman

History 3m
Seems like having three Presidents at once would lead to a lot of arguments.
Remove Ads.
Support Sporcle.
Get the best of Sporcle when you Go Orange. This ad-free experience offers more features, more stats, and more fun while also helping to support Sporcle. Thank you for becoming a member.

Show Comments

Extras

Top Quizzes Today


Score Distribution

Your Account Isn't Verified!

In order to create a playlist on Sporcle, you need to verify the email address you used during registration. Go to your Sporcle Settings to finish the process.

Report this User

Report this user for behavior that violates our Community Guidelines.

Details: